000 00634nam a2200193Ia 4500
003 GCL
008 140319s9999 xx 000 0 ara d
040 _aGCL /
_cGCL
082 0 4 _a953.802
_bف ت
100 1 _aفردريك، اللفتنت كولونيل
245 1 0 _aتاريخ شرق الاردن وقبائلة /
_cفردريك، اللفتنت كولونيل
700 1 _aبهاءالدين طوقان
300 _a462 ص
490 _aالهيئة العامة للاستعلامات
_v0
650 0 4 _aتاريخ
650 0 4 _aالاردن - تاريخ
650 0 4 _aشرق الاردن - تاريخ
942 _2ddc
_cBK
999 _c49121
_d49121